Ostany Irany - bez mapy - Statystyki

Ogólne statystyki
  • Ten quiz został rozwiązany 56 razy
  • Średni wynik to 23 z 31
Statystyki odpowiedzi
Ostan % Poprawnych
Teheran
100%
Azerbejdżan Wschodni
88%
Azerbejdżan Zachodni
88%
Kurdystan
84%
Fars
81%
Sistan i Beludżystan
81%
Chorasan Północny
78%
Chorasan Południowy
78%
Yazd
78%
Alborz
75%
Ardabil
75%
Bushehr
75%
Isfahan
75%
Kerman
75%
Kermanszah
75%
Kom
75%
Mazandaran
75%
Chuzestan
72%
Gilan
72%
Ilam
72%
Kazwin
72%
Lorestan
72%
Razawi Chorasan
72%
Chaharmahal i Bakhtiari
69%
Hamadan
69%
Markazi
69%
Golestan
66%
Zanjan
63%
Hormozgan
59%
Semnan
59%
Kohgiluyeh i Boyer Ahmad
53%
Nie znaleziono quizów pasujących do podanych kryteriów
Rozkład punktacji
Procent ludzi z każdym wynikiem
Percentyl według liczby udzielonych odpowiedzi
Twoja historia wyników
Nie rozwiązałeś tego quizu